Städte im Saarland - Statistiken

Allgemein
  • Dieses Quiz wurde 420 mal gespielt
  • Das Durchschnittsergebnis liegt bei 10 aus 17
Antwortstatistiken
Einwohner Antwort % Korrekt
180.966 Saarbrücken
100%
34.532 Saarlouis
93%
41.934 Homburg
88%
46.767 Neunkirchen
86%
29.818 Merzig
74%
39.376 Völklingen
73%
25.959 St. Wendel
71%
35.951 St. Ingbert
67%
20.143 Dillingen
52%
15.771 Wadern
46%
20.770 Blieskastel
41%
14.500 Ottweiler
37%
18.977 Lebach
34%
18.576 Püttlingen
30%
17.683 Bexbach
28%
16.360 Sulzbach
26%
10.170 Friedrichsthal
21%
Keine übereinstimmenden Quizze gefunden
Verteilung der Resultate
Anzahl Personen mit jedem Resultat
Perzentil nach korrekt beantworteten Fragen
Ihre Resultats-Entwicklung
Sie haben dieses Quiz noch nicht gespielt